Estatísticas para Butão

Clique aqui para jogar o quiz

Estatísticas Gerais

  • Esse quiz foi jogado 4 vezes
  • A pontuação média é 5 de 13

Estatísticas das Respostas

HintResposta% Correto
Onde fica?Ásia
100%
Qual é a sua religião?Budismo
100%
Na bandeira o que representa a cor laranja?Budismo
100%
Com quais países faz fronteira?Índia e China
100%
Qual é o seu idioma?Butanês
33%
Qual é a sua capital?Timbu
33%
Na bandeira o que representam as jóias nas garras do dragão?Abundância
0%
Na bandeira o que representa o dragão?A Terra do Dragão
0%
Qual é o ponto mais alto do país?Gangkhar Puensum
0%
Na bandeira o que representa a cor amarela?Monarquia secular
0%
Como se chama a sua moeda?Ngultrum
0%
Qual é o desporto mais praticado?Tiro com arco
0%
Como se chama o festival de danças e cerimónias religiosas que dura 10?Tshechu
0%

Distribuição das Pontuações

Percentil de Números Respondidos

Porcentagem de Pessoas com Cada Pontuação

Sua Pontuação Histórica

Você não jogou esse quiz